| 000 | 00740cam a22002413a 4500 | ||
|---|---|---|---|
| 001 | 19834 | ||
| 003 | PGUSA | ||
| 005 | 20140828083423.0 | ||
| 008 | 061117s2006||||xxu|||||s|||||000 1 eng d | ||
| 040 |
_aPGUSA _beng |
||
| 042 | _adc | ||
| 050 | 4 | _aPZ | |
| 100 | 1 |
_aSmith, Mabell S. C. _q(Mabell Shippie Clarke), _d1864-1942 |
|
| 245 | 1 | 0 |
_aEthel Morton's Holidays _h[electronic resource] / _cMabell S. C. Smith |
| 260 |
_bProject Gutenberg, _c2006 |
||
| 506 | _aPublic domain in the USA. | ||
| 516 | _aElectronic text | ||
| 653 | _aChildren -- Societies and clubs -- Juvenile fiction | ||
| 653 | _aHolidays -- Juvenile fiction | ||
| 830 | 0 |
_aProject Gutenberg _v19834 |
|
| 856 | 4 | 0 | _uhttp://www.gutenberg.org/ebooks/19834 |
| 942 | _cEB | ||
| 999 |
_c249089 _d249089 |
||